000 00761pam a2200253 a 4500
999 _c11168
_d11168
001 4803040
003 OSt
005 20191224134902.0
008 881027s1989 nyua b 001 0 eng
010 _a 88032622
020 _a8176710504
040 _aDLC
_cDLC
_dDLC
050 0 0 _aHB172.5
_b.B73 1989
082 0 0 _a339
_219
_bBRA/M
100 _aBranson, William H
_9717
245 1 0 _aMacroeconomic theory and policy /
_cWilliam H. Branson.
250 _a3rd ed.
260 _aNew Delhi :
_bEWP,
_c2011.
300 _axv, 656 p. :
_bill. ;
_c25 cm.
504 _aIncludes bibliographies and index.
650 0 _aMacroeconomics.
906 _a7
_bcbc
_corignew
_d1
_eocip
_f19
_gy-gencatlg
942 _2ddc
_cBK
_h339
_iBRA/M
_k339
_mBRA/M